00458nmm a2200157Ia 4500008004100000020001800041041000800059100002000067245003000087264008000117300001600197650001200213856005100225942000700276999001700283251105s9999||||xx |||||||||||||||||und|| a9788468778730 aspa aWilliams, Cathy 0aUn desafío para el jefe a[Madrid, España] :bHarlequin, c[Fecha de publicación no identificada] a0 páginas aRomance uhttps://public.digitaliapublishing.com/a/94832 cCF c84451d84451